01067nab a2200205uuc450000100070000000500170000700800410002403500110006503500210007604000130009704100080011010000350011824500810015352003410023465000490057565000420062465000400066665000380070677301170074499017820240819085834.0060825e20050801 spa  a990178 a(OCoLC)820361478 ccomduadb aspa10aCastro Soto, Gustavo4auteaut13aEl movimiento social en Mesoamerica por la defensa de los recursos naturales3 aPartiendo de las reformas neoliberales implementadas en relación a los servicios de agua y el manejo de cuencas hídricas en Mesoamérica, el autor reflexiona sobre el impacto de las mismas, señalando los procesos de conflicto y surgimiento de experiencias de coordinaciones y encuentros de movimientos sociales en dicha región. 7aMovimientos socialeszAmérica Latina2lemb aRecursos naturales - América Latina aDestrucción de recursos naturales aNeoliberalismo - América Latina0 tObservatorio Social de América Latina (Argentina)gNo. 17, May.-Ago. 2005, p. 41-51w988960x1515-32820393078